000 00487nam a2200169Ia 4500
005 20250508151035.0
008 008 250505s9999 xx 000 0 eng d
037 _aTextual
040 _aFEDL
_beng
_cFEDL
041 _aeng
_2eng
084 _a940.1, PRE
_qFEDL
100 _aPrevite-Orton C W
245 0 _aShorter Cambridge medieval history, 2 V
260 _aLondon, UK
_bCambridge University Press
_c1952
942 _cTEXL
_h940.1, PRE
999 _c1327224
_d1327224